000
00291nam a22001217a 4500
020
_a
1977616606
082
_2
22
_a
005.13
100
_a
Fowler, Chad.
245
_a
Rails recipes /
260
_a
NA
_b
The Pragmatic Programmers LLC,
_c
c2006.
300
_a
xiii, 332 p. ;
_b
ill. ;
942
_2
ddc
_c
IT
999
_c
4340
_d
4340